Carlos Virgili - La magia del forum : (Record no. 111934)

MARC details
000 -LEADER
campo de control de longitud fija 00718cam a2200253Mu 4500
001 - NÚMERO DE CONTROL
campo de control 94610
005 - FECHA Y HORA DE LA ÚLTIMA TRANSACCIÓN
campo de control 20230411090052.0
008 - DATOS DE LONGITUD FIJA--INFORMACIÓN GENERAL
campo de control de longitud fija 041214s2004 sp 000 0 spa d
035 ## - NÚMERO DE CONTROL DEL SISTEMA
Número de control de sistema (OCoLC)ocn314548033
040 ## - FUENTE DE CATALOGACIÓN
Centro catalogador/agencia de origen DEBSZ
Normas de descripción rakwb
Lengua de catalogación ger
Centro/agencia transcriptor DEBSZ
020 ## - NÚMERO INTERNACIONAL ESTÁNDAR DEL LIBRO
Número Internacional Estándar del Libro 8484531546
020 ## - NÚMERO INTERNACIONAL ESTÁNDAR DEL LIBRO
Número Internacional Estándar del Libro 9788484531548
035 ## - NÚMERO DE CONTROL DEL SISTEMA
Número de control de sistema (OCoLC)314548033
049 ## - FONDOS LOCALES (OCLC)
Biblioteca depositaria GRAL
245 10 - MENCIÓN DEL TÍTULO
Título Carlos Virgili - La magia del forum :
Resto del título ideas que mueven el mundo /
Mención de responsabilidad, etc. textos de Mercedes Villena.
260 ## - PUBLICACIÓN, DISTRIBUCIÓN, ETC.
Lugar de publicación, distribución, etc. Barcelona :
Nombre del editor, distribuidor, etc. Ed. Planeta,
Fecha de publicación, distribución, etc. 2004.
300 ## - DESCRIPCIÓN FÍSICA
Extensión 320 S. :
Otras características físicas èuberw. Ill.
490 0# - MENCIÓN DE SERIE
Mención de serie Bronce
700 1# - ENTRADA AGREGADA--NOMBRE PERSONAL
Nombre de persona Virgili, Carlos,
Fechas asociadas al nombre 1957-
Relación ill
700 1# - ENTRADA AGREGADA--NOMBRE PERSONAL
Nombre de persona Villena, Mercedes.
942 ## - ELEMENTOS DE ENTRADA SECUNDARIOS (KOHA)
Fuente del sistema de clasificación o colocación Clasificación de Library of Congress
Tipo de ítem Koha
994 ## -
-- C0
-- DRFGD
946 ## - PROCESAMIENTO DE INFORMACIÓN LOCAL (OCLC)
a nc
Holdings
Estatus retirado Estado de pérdida Fuente del sistema de clasificación o colocación Estado de daño No para préstamo Colección Biblioteca de origen Biblioteca actual Ubicación en estantería Fecha de adquisición Código de barras Visto por última vez Copia número Tipo de ítem Koha
    Clasificación de Library of Congress     Automatización y Procesos Técnicos Biblioteca Juan Bosch Biblioteca Juan Bosch Automatización y Procesos Técnicos (1er. Piso) 11/04/2023 00000088538 17/02/2019 1